000 00806nas a2200265Ia 4500
001 dg44-2372 [d000002492]
003 IT-MiCISF
008 161014c99999999xx |||||||||||| ||und||
040 _aIT-MiCISF
_cIT-MiCISF
041 _aITALIANO
100 _aBruti Bruto Maria
210 _aCristianità
222 _aCristianità
245 0 _aOmosessualità: vizio o programmazione biologica?
250 _a1a ed.
260 _c1995
501 _bCISF - Centro Internazionale Studi Famiglia - Via Giotto, 36 20145 MILANO (non commercial uses only)
_cCopyright 2016
300 _app. 5-12
362 _a n. 243-244, luglio-agosto [1995]
500 _a Tema: omosessualità, morale, chiesa
650 _asessualità
_varticolo
700 _aAA.VV.
942 _cCR
957 _71
999 _a2372
_bSi
_g1
_c219706
_d219706